000 00642nam a2200241Ia 4500
005 20260121112545.0
008 6954 260114s9999 xx 000 0 eng d
020 _a9789812838681
037 _aEBOOK
040 _aCRL
_beng
_cCRL
041 _aeng
_2eng
084 _qCRL
100 _aNakahara Mikio Et Al
_9959531
245 0 _aMolecular Realizations of Quantum Computing 2007
260 _bWorld Scientific
260 _bWSPC
260 _c2009
650 _aPhysics
_9959532
856 _uhttps://www.worldscientific.com/worldscibooks/10.1142/7176#t=toc
942 _cEBOOK
999 _c1544254
_d1544254